|
|
|
|
| LEADER |
01864nam a2200313 u 4500 |
| 001 |
10020778 |
| 003 |
upatras |
| 005 |
20210117205456.0 |
| 008 |
990309s1999 gr gre |
| 040 |
|
|
|a GR-PaULI
|c GR-PaULI
|
| 041 |
0 |
|
|a gre
|
| 082 |
0 |
4 |
|a 551.303
|
| 100 |
1 |
|
|a Αβραμίδης, Παύλος Ε.
|9 144994
|
| 245 |
1 |
0 |
|a Περιβάλλοντα ιζηματογένεσης των τριτογενών σχηματισμών της λεκάνης Κληματιάς - Παραμυθιάς Ηπείρου. Πιθανή γένεση και αποθήκευση υδρογονανθράκων στους σχηματισμούς αυτούς
|c Παύλος Ε. Αβραμίδης; Πανεπιστήμιο Πατρών, Σχολή Θετικών Επιστημών, Τμήμα Γεωλογίας
|
| 260 |
|
|
|a Πάτρα
|b [χ.ό.]
|c 1999
|
| 300 |
|
|
|a 165 σ.
|b εικ., πίν., φωτ.
|c 30 εκ.
|
| 500 |
|
|
|a Διδακτορική διατριβή
|
| 504 |
|
|
|a Περιλαμβάνει βιβλιογραφία
|
| 650 |
|
4 |
|a Γεωλογία
|x Ιζηματογένεση
|9 2084
|
| 650 |
|
4 |
|a Γεωλογία
|x Μελέτες
|z Ελλάδα
|9 5260
|
| 650 |
|
4 |
|a Γεωλογία
|x Λεκάνες
|9 55700
|
| 650 |
|
4 |
|a Γεωχημεία
|9 757
|
| 710 |
2 |
|
|9 2771
|a Πανεπιστήμιο Πατρών
|b Σχολή Επιστημών Υγείας
|b Τμήμα Ιατρικής
|e Σχολή Θετικών Επιστημών
|e Τμήμα Γεωλογίας
|
| 852 |
|
|
|a GR-PaULI
|b ΠΑΤΡΑ
|b ΒΚΠ
|b ΒΣ2
|k ΔΙΑΤΡΙΒΗ
|h 551.303 Α
|m 041377
|p 025000004643
|t 1
|
| 856 |
|
|
|u http://thesis.ekt.gr/10172
|
| 942 |
|
|
|2 ddc
|c BKTD
|
| 952 |
|
|
|0 0
|1 0
|4 0
|6 551_303000000000000_Α
|7 0
|9 181046
|a LISP
|b LISP
|c BSC
|d 2016-04-24
|i 041377
|l 0
|o 551.303 Α
|p 025000004643
|r 2016-04-24 00:00:00
|t 1
|w 2016-04-24
|y BKTD
|
| 998 |
|
|
|c ΗΛΙΟΠΟΥΛΟΥ
|d 1999-03
|
| 999 |
|
|
|c 111917
|d 111917
|